[Event "Odysseus Autumn B"]
[Site "Soborg"]
[Date "2003.09.25"]
[Round "3"]
[White "Neesgaard Madsen, Helge"]
[Black "Oddershede, Niels"]
[Result "0-1"]
[WhiteElo "1720"]
[BlackElo "1684"]
[PlyCount "128"]
[EventDate "2003.09.11"]
[EventType "tourn"]
[EventRounds "5"]
[EventCountry "DEN"]
[SourceTitle "EXT 2023"]
[Source "ChessBase"]
[SourceDate "2022.10.05"]
[SourceVersion "1"]
[SourceVersionDate "2022.10.05"]
[SourceQuality "1"]

1. e4 c6 2. Nf3 d5 3. Nc3 dxe4 4. Nxe4 Bf5 5. Ng3 Bg6 6. h4 h6 7. Ne5 Bh7 8. Qh5 g6 9. Bc4 e6 10. Qe2 Qc7 11. d4 Nf6 12. Bf4 Qe7 13. 0-0-0 Bg7 14. Qd2 Nbd7 15. Rhe1 Nd5 16. Bxh6 Bxh6 17. Qxh6 0-0-0 18. Ne4 g5 19. Nxf7 Bxe4 20. Nxh8 Bf5 21. hxg5 N7b6 22. Bb3 Rg8 23. g6 Qf6 24. Rh1 a5 25. Nf7 Bxg6 26. Ne5 Ne7 27. Nxg6 Nxg6 28. Rhe1 Re8 29. a3 a4 30. Ba2 Nd5 31. Bxd5 cxd5 32. Qd2 Qe7 33. Qb4 Qd7 34. Re3 Kb8 35. Rh1 Nf4 36. Kb1 Rg8 37. Reh3 Nxh3 38. gxh3 Rc8 39. h4 Qh7 40. Qd2 Qe4 41. Rh3 Qg2 42. Qf4+ Ka8 43. Rg3 Qf1+ 44. Ka2 Qe2 45. Rc3 Rxc3 46. bxc3 Qxc2+ 47. Ka1 Qxc3+ 48. Kb1 Qb3+ 49. Kc1 Qxa3+ 50. Kb1 Qb4+ 51. Ka1 a3 52. Qc1 Qxd4+ 53. Ka2 Qxf2+ 54. Kxa3 Qf8+ 55. Ka2 e5 56. Qa3+ Qxa3+ 57. Kxa3 e4 58. Kb3 e3 59. Kc3 b5 60. h5 b4+ 61. Kd3 b3 62. h6 b2 63. Kc2 b1Q+ 64. Kxb1 e2 0-1